LA FUGA DEL NO SER : (Registro nro. 16689)
[ vista simple ]
| 000 -LEADER | |
|---|---|
| fixed length control field | 00766nam a2200205 a 4500 |
| 001 - CONTROL NUMBER | |
| control field | 16689 |
| 005 - DATE AND TIME OF LATEST TRANSACTION | |
| control field | 20180713205704.0 |
| 008 - FIXED-LENGTH DATA ELEMENTS--GENERAL INFORMATION | |
| fixed length control field | 140415s1991 sp 000 0 spa d |
| 020 ## - INTERNATIONAL STANDARD BOOK NUMBER | |
| International Standard Book Number | 8474902746 |
| 041 ## - LANGUAGE CODE | |
| Language code of text/sound track or separate title | spa |
| 082 ## - DEWEY DECIMAL CLASSIFICATION NUMBER | |
| Classification number | 111 |
| Item number | ROV |
| 100 1# - MAIN ENTRY--PERSONAL NAME | |
| Personal name | ROVIRA, ROGELIO |
| 245 13 - TITLE STATEMENT | |
| Title | LA FUGA DEL NO SER : |
| Remainder of title | EL ARGUMENTO ONTOLOGICO DE LA EXISTENCIA DE DIOS Y LOS PROBLEMAS DE LA METAFISICA |
| 250 ## - EDITION STATEMENT | |
| Edition statement | 1a ed. |
| 260 ## - PUBLICATION, DISTRIBUTION, ETC. | |
| Place of publication, distribution, etc. | ESPAÑA : |
| Name of publisher, distributor, etc. | EDICIONES ENCUENTRO, |
| Date of publication, distribution, etc. | 1991 |
| 300 ## - PHYSICAL DESCRIPTION | |
| Extent | 207 |
| Dimensions | 15 x 1.6 x 23 |
| 490 ## - SERIES STATEMENT | |
| Series statement | ENSAYOS |
| 520 ## - SUMMARY, ETC. | |
| Summary, etc. | ESTE LIBRO SE PRESENTA COMO UNA INTRODUCCIÓN A LOS PROBLEMAS CAPITALES DE LA METAFÍSICA, QUE TOMA COMO HILO CONDUCTOR EL EXAMEN DEL ARGUMENTO ONTOLÓGICO DE LA EXISTENCIA DE DIOS. |
| 650 14 - SUBJECT ADDED ENTRY--TOPICAL TERM | |
| Topical term or geographic name entry element | DIOS |
| General subdivision | ONTOLOGIA |
| Withdrawn status | Lost status | Source of classification or shelving scheme | Damaged status | Not for loan | Collection code | Home library | Current library | Shelving location | Date acquired | Source of acquisition | Inventory number | Total Checkouts | Full call number | Barcode | Date last seen | Date last checked out | Price effective from | Koha item type |
|---|---|---|---|---|---|---|---|---|---|---|---|---|---|---|---|---|---|---|
| Dewey Decimal Classification | General | Biblioteca Karol Wojtyla | Biblioteca Karol Wojtyla | Sala general | 03/12/2013 | Compra | 151000000000000000060542 | 111 ROV | 34554 | 05/01/2026 | 31/03/2017 | 03/12/2013 | Libro | |||||
| Dewey Decimal Classification | General | Biblioteca Karol Wojtyla | Biblioteca Karol Wojtyla | Sala general | 03/12/2013 | Compra | 151000000000000000060543 | 111 ROV | 76505 | 05/01/2026 | 03/11/2014 | 03/12/2013 | Libro |